000 00942cam a2200265 i 4500
001 000014143
005 20200929163507.0
008 760114s1974 fr a b 000 0 fre
010 _a75522430
015 _aF75-12105
020 _c21.00F
040 _aDO-SdBNP
_cDLC
_dDLC
043 _anwht---
050 0 0 _aF1929.F67
_bC34
100 1 _aCalixte, Nyll F.
_931982
245 1 3 _aLa Representation parlementaire de Fort-Liberte (Haiti) de 1930 a 1972 /
_cDr Nyll F. Calixte.
260 _aParis :
_bEditions de l'Ecole,
_c1974.
300 _a175 p. :
_bill. ;
_c21 cm.
490 0 _aCollection Histoire et litterature haitiennes
504 _aBibliography: p. 172-174.
651 0 _aFort Liberte (Haiti{Rpara}
_xHistory.
_931983
651 0 _aFort Liberte (Haiti{Rpara}
_xPolitics And Government.
_931984
650 0 _aRepresentative government and representation
_zHaiti
_zFort Liberte.
_931985
910 _aCatalogación por copia / LC
999 _c13745
_d13745